<?xml version="1.0" encoding="UTF-8"?>
<collection xmlns="http://www.loc.gov/MARC21/slim">
 <record>
  <leader>00963nam a2200241 a 4500</leader>
  <controlfield tag="001">1/32653</controlfield>
  <controlfield tag="008">070523r2006    enka     bi   001 0 eng  </controlfield>
  <datafield tag="020" ind1=" " ind2=" ">
   <subfield code="a">0415213231 (hbk)</subfield>
  </datafield>
  <datafield tag="020" ind1=" " ind2=" ">
   <subfield code="a">041521324X (pbk)</subfield>
  </datafield>
  <datafield tag="035" ind1=" " ind2=" ">
   <subfield code="l">35032</subfield>
  </datafield>
  <datafield tag="082" ind1="0" ind2="0">
   <subfield code="a">387.7'1 DOG</subfield>
  </datafield>
  <datafield tag="100" ind1="1" ind2=" ">
   <subfield code="a">Doganis, Rigas.</subfield>
  </datafield>
  <datafield tag="245" ind1="1" ind2="0">
   <subfield code="a">Flying off course :</subfield>
   <subfield code="b">the economics of international airlines /</subfield>
   <subfield code="c">Rigas Doganis.</subfield>
  </datafield>
  <datafield tag="250" ind1=" " ind2=" ">
   <subfield code="a">3rd ed.</subfield>
  </datafield>
  <datafield tag="260" ind1=" " ind2=" ">
   <subfield code="a">London ;</subfield>
   <subfield code="a">New York :</subfield>
   <subfield code="b">Routledge,</subfield>
   <subfield code="c">2002.</subfield>
  </datafield>
  <datafield tag="300" ind1=" " ind2=" ">
   <subfield code="a">xv, 349 σ. :</subfield>
   <subfield code="b">εικ. ;</subfield>
   <subfield code="c">25 εκ.</subfield>
  </datafield>
  <datafield tag="504" ind1=" " ind2=" ">
   <subfield code="a">Περιέχει βιβλιογραφία και ευρετήριο.</subfield>
  </datafield>
  <datafield tag="650" ind1=" " ind2="4">
   <subfield code="a">Aeronautics, Commercial.</subfield>
  </datafield>
  <datafield tag="650" ind1=" " ind2="4">
   <subfield code="a">Airlines.</subfield>
  </datafield>
  <datafield tag="852" ind1=" " ind2=" ">
   <subfield code="a">INST</subfield>
   <subfield code="b">UNIPILB</subfield>
   <subfield code="c">MAIN</subfield>
   <subfield code="e">20070523</subfield>
   <subfield code="h">387.7'1 DOG</subfield>
   <subfield code="p">00152932</subfield>
   <subfield code="q">00152932</subfield>
   <subfield code="t">LOAN</subfield>
   <subfield code="y">0</subfield>
   <subfield code="4">1</subfield>
  </datafield>
  <datafield tag="856" ind1="4" ind2="1">
   <subfield code="3">Πίνακας περιεχομένων :</subfield>
   <subfield code="u">http://www.loc.gov/catdir/toc/fy042/2002069726.html</subfield>
  </datafield>
  <datafield tag="856" ind1="4" ind2=" ">
   <subfield code="d">/webopac/covers/02/35032_0415213231.jpg</subfield>
   <subfield code="z">(hbk)</subfield>
  </datafield>
  <datafield tag="856" ind1="4" ind2=" ">
   <subfield code="d">/webopac/covers/02/35032_041521324X.jpg</subfield>
   <subfield code="z">(pbk)</subfield>
  </datafield>
 </record>
</collection>
